[Event "VIE-ch U13"]
[Site "Hai Phong"]
[Date "2018.07.07"]
[Round "2"]
[White "Nguyen, Huu Khang"]
[Black "Phung, Duc Viet"]
[Result "0-1"]
[WhiteElo "1824"]
[BlackElo "1837"]
[PlyCount "62"]
[EventDate "2018.07.07"]
[EventType "swiss"]
[EventRounds "9"]
[EventCountry "VIE"]
[SourceTitle "EXT 2019"]
[Source "ChessBase"]
[SourceDate "2018.10.10"]
[SourceVersion "1"]
[SourceVersionDate "2018.10.10"]
[SourceQuality "1"]

1. c4 Nf6 2. Nc3 e6 3. Nf3 d5 4. cxd5 exd5 5. d4 Bd6 6. Bg5 c6 7. e3 Bf5 8. Nh4 Be6 9. Be2 h6 10. Bxf6 Qxf6 11. Nf3 0-0 12. 0-0 Nd7 13. Rc1 Rfd8 14. Qb3 Rab8 15. Rfd1 Nf8 16. h3 Ng6 17. Na4 Bf5 18. Nc5 Bc7 19. Rc3 Qe7 20. Qa3 Re8 21. b4 Be4 22. Nxe4 dxe4 23. Ne1 Qd6 24. g3 Ne7 25. Rc2 Nd5 26. Qxa7 Nxb4 27. Rb2 Nd5 28. Qc5 Qd7 29. Bf1 Bd6 30. Qc2 Ra8 31. Rdb1 b5 0-1